000 00339pam a2200157a 44500
008 230515b1999 xxu||||| |||| 00| 0 eng d
020 _a0-5689423-6
041 _aENG
082 _a720.92
100 _aCOSTANTINO M.
245 _aFRANK LLOYD WRIGHT.
250 _a0
260 _aNULL
_bNULL
_c1999
300 _a112
650 _aNULL
999 _c475163
_d475163